Do these brands belong to the LVMH group? - Statistiques

Statistiques générales
  • Ce quiz a été pris 42 fois
  • Le résultat moyen est 3 sur 10
Answers on the Grid
Answers color-coded by a green-red scale on the quiz's grid according to % correct below.
Dior
Rolex
Louis Vuitton
Balenciaga
Dolce & Gabbana
Kenzo
Celine
Tiffany & CO.
Yves Saint Laurent
Guerlain
LeParisien
Chanel
Fendi
Gucci
Givenchy
Sephora
Hermès
Prada
 
Statistiques - réponses
Réponse % Correct
Dior
78%
Louis Vuitton
78%
Sephora
37%
Kenzo
26%
Tiffany & CO.
26%
LeParisien
22%
Celine
15%
Fendi
15%
Givenchy
15%
Guerlain
15%
Aucun quiz correspondant
Distribution des résultats
% des personnes avec chaque résultat
Percentile par nombre de réponses
Votre historique - résultats
Vous n’avez pas pris ce quiz